Znany film po emotkach - Statystyki

Ogólne statystyki
  • Ten quiz został rozwiązany 27 razy
    22 od ostatniego zresetowania
  • Średni wynik to 7 z 10
Statystyki odpowiedzi
Hint Odpowiedź % Poprawnych
🧙‍♂️🪄⚡ Harry Potter
93%
🕷️🧒🟥 Spider-Man
93%
🦁👑🐗 Król Lew
87%
🚢🏔️👫 Titanic
87%
❓🐠🐟 Gdzie jest Nemo
80%
🪵🤥🐳 Pinokio
67%
🦖🇨🇷🏝️ Jurassic Park
53%
👨‍💻💊👩🏾‍🦲 Matrix
53%
🐕‍🦺👻🎭 Scooby-Doo
33%
🤢🪾🫏 Shrek
20%
Nie znaleziono quizów pasujących do podanych kryteriów
Rozkład punktacji
Procent ludzi z każdym wynikiem
Percentyl według liczby udzielonych odpowiedzi
Twoja historia wyników
Nie rozwiązałeś tego quizu od ostatniego zresetowania